| 000 | 01156nam a22003137a 4500 | ||
|---|---|---|---|
| 001 | BR7801575 | ||
| 003 | BR-BrBNA | ||
| 005 | 20230928085544.0 | ||
| 007 | ta | ||
| 008 | 230509b bl.||||| |||| 00| 0 por d | ||
| 040 |
_aBR-BrBNA _bpor _cBiblioteca Nacional de Agricultura |
||
| 041 | _a(Por) | ||
| 072 |
_aL30; L36 _b1930 _b5240 _b/G514 |
||
| 090 | _ 1930 BR7801575 | ||
| 100 | 1 | _aMoreto, H.E. | |
| 110 | 1 |
_aUniversidade Federal do Rio Grande do Sul, Porto Alegre (Brasil). Faculdade de Agronomia _0Dissertacao (Mestre em Zootecnia) |
|
| 245 | 1 | _aDeterminacao do valor nutritivo do capim elefante (Pennisetum purpureum, Schum.)em tres estadios de maturidade atraves de ensaio de digestibilidade, consumo voluntario e balanco nitrogenado com ovinos [Brasil] | |
| 260 | 3 |
_aPorto Alegre, RS (Brasil): _c1978. |
|
| 300 | _a72 p. | ||
| 500 | _a18 tables; Bibliography p. 51-59 (76 ref.); Summaries (Eng, Por) | ||
| 650 | _aNutricao animal | ||
| 650 | _aComposicao de alimento | ||
| 650 | _aCapim elefante | ||
| 650 | _aOvino | ||
| 650 | _aDigestibilidade | ||
| 650 | _aValor nutritivo | ||
| 909 |
_a202309 _bLucia _c55 _dLucia Elande |
||
| 942 | _cBK | ||
| 999 |
_c25073 _d25073 |
||